000 00658nam a2200217 a 4500
999 _c3821
_d3821
001 3821
003 BD-JhCC
005 20221025134021.0
008 171026s2002 bg ||||| |||| 00| 0 ben d
020 _a984816037X
035 _a(BD-JhCC)
040 _aBD-JhCC
_dBD-JhCC
041 _aben
082 _a891.443
_bHAQ 2002
100 _aহক, শামসুল, সৈয়দ
245 _aউপন্যাস সমগ্র 2 /
_c সৈয়দ শামসুল হক
260 _aঢাকা ;
_bঅন্যপ্রকাশ,
_c২০০২
300 _a359 p. :
_c21 cm
650 _aCollection of Bengali Novel
942 _2ddc
_cBK
_03